000 00429ntaaa2200181 4500
003 01
005 20251027202928.0
008 0714s1973 ag 01
040 _aAR-BaBN
_bspa
_cAR-BaBN
_eaacr
_dRIC
082 _a922.4430 L97f
100 _aFliedner, Federico
_929415
245 _aMartin Lutero
250 _a4 ed.
260 _aTerrassa :
_bClie,
_c1980
300 _a230 p ;
_cfts.
650 _aLutero, Martin
942 _cBK
999 _c24527
_d24527